Formula one driver 2025 - Statistiques

Statistiques générales
  • Ce quiz a été pris 123 fois
  • Le résultat moyen est 18 sur 20
Statistiques - réponses
Par images Réponse % Correct
Lewis Hamilton
100%
Max Verstappen
98%
Oscar Piastri
98%
Carlos Sainz
96%
Charles Leclerc
95%
Lando Norris
94%
Pierre Gasly
93%
Lance Stroll
91%
Isack Hadjar
90%
Esteban Ocon
89%
Yuki Tsunoda
89%
George Russell
88%
Fernando Alonso
86%
Kimi Antonelli
83%
Liam Lawson
83%
Nico Hulkenberg
83%
Alex Albon
80%
Franco Colapinto
75%
Oliver Bearman
74%
Gabriel Bortoleto
67%
Aucun quiz correspondant
Distribution des résultats
% des personnes avec chaque résultat
Percentile par nombre de réponses
Votre historique - résultats
Vous n’avez pas pris ce quiz